000 00520nam a2200181Ia 4500
001 20735
005 20260306172827.0
008 260306t2022||||xx |||||||||||||| ||spa||
041 _aESP
082 _a343.7
_bV27
100 _aValverde Encarnación, Gianpierre,
_eAUT
245 0 _aLa caducidad del procedimiento administrativo sancionador en la ley del procedimiento administrativo general
260 _c2022
300 _a254 pƔginas :
_c25 cm.
650 _aGEN
654 _aCDE
942 _cLIB
_dJUS
_fJUS
_2ddc
_n
999 _c20735
_d20735